Contra la Familia: ¿cómo hacer justicia a los niños afeminados? /
Guardado en:
| 主要作者: | |
|---|---|
| 格式: | Texto |
| 標簽: |
添加標簽
沒有標簽, 成為第一個標記此記錄!
|
MARC
| LEADER | 00000 a a2200000 04500 | ||
|---|---|---|---|
| 001 | 45804 | ||
| 003 | |||
| 040 | |||
| 100 | |a Cornejo, Giancarlo | ||
| 245 | |a Contra la Familia: |b ¿cómo hacer justicia a los niños afeminados? / |c Giancarlo Cornejo | ||
| 773 | |g número35 (2011), páginas 139-154: fotos | ||
| 999 | |c 21264 |d 21264 | ||
